Central Library OPAC University of Rajshahi

Communicative language teaching : (Record no. 61082)

MARC details
000 -LEADER
fixed length control field 00852nam a2200265 a 4500
001 - CONTROL NUMBER
control field 61082
003 - CONTROL NUMBER IDENTIFIER
rucl marc code BD-RjUL
005 - DATE AND TIME OF LATEST TRANSACTION
control field 20211209080923.0
008 - FIXED-LENGTH DATA ELEMENTS--GENERAL INFORMATION
fixed length control field 170115s1981 enk b 001 0 eng
020 ## - INTERNATIONAL STANDARD BOOK NUMBER
International Standard Book Number 0521281547 (pbk.)
035 ## - SYSTEM CONTROL NUMBER
System control number (BD-RjUL)61206
040 ## - CATALOGING SOURCE
Original cataloging agency DLC
Transcribing agency DLC
Modifying agency BD-RjUL
Language of cataloging eng
041 ## - LANGUAGE CODE
Language code of text/sound track or separate title eng
082 00 - DEWEY DECIMAL CLASSIFICATION NUMBER
Classification number 418.007
Edition number 23
Author mark and year LIC 1988
100 1# - MAIN ENTRY--PERSONAL NAME
Personal name Littlewood, William.
9 (RLIN) 182289
245 10 - TITLE STATEMENT
Title Communicative language teaching :
Remainder of title an introduction /
Statement of responsibility, etc. William Littlewood.
260 ## - PUBLICATION, DISTRIBUTION, ETC. (IMPRINT)
Place of publication, distribution, etc. New York :
Name of publisher, distributor, etc. Cambridge University Press,
Date of publication, distribution, etc. c1981 [printing 1988]
300 ## - PHYSICAL DESCRIPTION
Pagination x, 108 p. ;
Size 23 cm.
500 ## - GENERAL NOTE
General note Includes index.
650 #0 - SUBJECT ADDED ENTRY--TOPICAL TERM
Topical term or geographic name as entry element Language and languages
General subdivision Study and teaching.
9 (RLIN) 182093
Topical term or geographic name as entry element Communicative competence.
9 (RLIN) 182291
942 ## - ADDED ENTRY ELEMENTS (KOHA)
Source of classification or shelving scheme Dewey Decimal Classification
Koha item type Books
Holdings
Lost status Source of classification or shelving scheme Damaged status Not for loan Collection code Permanent Location Current Location Shelving location Date acquired Source of acquisition Cost, normal purchase price Total Checkouts Full call number Date last seen Copy number Koha item type
  Dewey Decimal Classification   Not For Loan Non-fiction Central Library, University of Rajshahi Central Library, University of Rajshahi Reading Room 05/02/1950 Abacus book, London 5.50   418.007 LIC 1988 15/01/2017 C-1 Books